Transformación y elaboración de alimentos con especies vegetales y animales por las comunidades de cubeos del cuduyari / (Registro nro. 19073)
[ vista simple ]
| 000 -CABECERA | |
|---|---|
| Campo de control | 00962nam a2200241 a 4500 |
| 005 - FECHA Y HORA DE LA ULTIMA TRANSACCION | |
| Campo de control | 20191224042312.0 |
| 008 - ELEMENTOS DE LONGITUD FIJA—INFORMACION GENERAL | |
| Campo de control | 110810s2006 ck a gr 00010 spa d |
| 020 ## - ISBN | |
| ISBN | 9589795064 |
| 040 ## - FUENTE DE CATALOGACIÓN | |
| Agencia catalogadora original | CO-BoBLA |
| Agencia transcriptora | CO-BoBLA |
| Agencia Modificadora | CO-BoIAVH |
| 041 0# - IDIOMA | |
| Código de idioma para texto/pista de sonido o título separado | Español |
| 044 ## - PAÍS DE PUBLICACIÓN | |
| País de publicación | Colombia |
| 090 ## - CLASIFICACIÓN LOCAL | |
| Colección | FG- |
| Consecutivo | 0061 |
| 100 1# - ASIENTO PRINCIPAL--NOMBRE PERSONAL | |
| Nombre personal | Vargas Avila, Guillermo |
| 9 (RLIN) | 8710 |
| 245 10 - MENCION DE TITULO | |
| Título | Transformación y elaboración de alimentos con especies vegetales y animales por las comunidades de cubeos del cuduyari / |
| Mención de responsabilidad | Guillermo Vargas Avila. |
| 260 ## - PUBLICACION, DISTRIBUCION, ETC. (PIE DE IMPRENTA) | |
| Lugar de publicación, distribución, etc. | San José del Guaviare : |
| Nombre del editor, distribuidor, etc. | Instituto Amazónico de Investigación Cientíificas : |
| -- | Alcaldía de Mitú, |
| Fecha de publicación, distribución, etc. | 2006. |
| 300 ## - DESCRIPCION FISICA | |
| Extensión | 24 páginas : |
| Otros detalles físicos | ilustraciones a color ; |
| Dimensiones | 17 x 24 cm. |
| 650 24 - ASIENTO SECUNDARIO DE MATERIA - TERMINO TEMATICO | |
| Término temático o nombre geográfico como elemento de entrada | Kubeos |
| Subdivisión general | Abastecimiento de alimentos |
| 9 (RLIN) | 76784 |
| 650 24 - ASIENTO SECUNDARIO DE MATERIA - TERMINO TEMATICO | |
| Término temático o nombre geográfico como elemento de entrada | Kubeos |
| Subdivisión general | Vida social y costumbres |
| 9 (RLIN) | 76785 |
| 650 24 - ASIENTO SECUNDARIO DE MATERIA - TERMINO TEMATICO | |
| Término temático o nombre geográfico como elemento de entrada | Kubeos |
| Subdivisión general | Alimentos |
| 9 (RLIN) | 76786 |
| 650 24 - ASIENTO SECUNDARIO DE MATERIA - TERMINO TEMATICO | |
| Término temático o nombre geográfico como elemento de entrada | Cocina indígena |
| Subdivisión geográfica | Colombia |
| 9 (RLIN) | 76787 |
| 650 26 - ASIENTO SECUNDARIO DE MATERIA - TERMINO TEMATICO | |
| Término temático o nombre geográfico como elemento de entrada | Seguridad alimentaria |
| 9 (RLIN) | 1807 |
| 942 ## - ELEMENTOS ADICIONALES (KOHA) | |
| Sistema de clasificación | Local |
| Tipo de ítem | Folleto |
| Withdrawn status | Lost status | Sistema de Clasificación | Damaged status | No para préstamo | Colección | Inventariado | Ubicación Permanente | Ubicación actual | Fecha de adquisición | Total Checkouts | Número topográfico | Inventario / Código de Barras | Date last seen | Ejemplar | Price effective from | Forma de adquisición | Tipo de material |
|---|---|---|---|---|---|---|---|---|---|---|---|---|---|---|---|---|---|
| Local | General | Inventariado 2017 | Bogotá | Bogotá | 10/10/2016 | FG-0061 | 040750 | 10/10/2016 | Ej. 1 | 10/10/2016 | Donación | Folleto | |||||
| Local | Hemeroteca | Inventariado 2017 | Bogotá | Bogotá | 28/12/2016 | FG-0061 | 040909 | 28/12/2016 | Ej. 2 | 28/12/2016 | Donación | Folleto |